| 000 | 00613cam a22001691 4500 | ||
|---|---|---|---|
| 082 |
_a620.196 _bPFE _cD. |
||
| 100 | 1 |
_aPfeiffer, Johan Philip, _940921 |
|
| 245 | 1 | 4 |
_aThe properties of asphaltic bitumen, _bwith reference to its technical applications. |
| 260 |
_aNew York, _bElsevier, _c1950. |
||
| 300 |
_axvi, 285 p. _billus., tables. _c26 cm. |
||
| 490 | 1 | _aElsevier's polymer series on the chemistry, physics and technology of high polymeric and allied substances, | |
| 526 |
_a0 _b0 _c0 _d620_196000000000000_PFE |
||
| 650 | 0 |
_aAsphalt. _921214 |
|
| 650 | 0 | _aBitumen. | |
| 650 | 0 |
_aMCE _9379 |
|
| 942 |
_2ddc _cBK |
||
| 999 |
_c545140 _d545140 |
||